Estadísticas para Geografía por Letra - H

Haz click aquí para tomar la prueba!

Estadísticas generales

  • Esta prueba ha sido tomada 2.294 veces
  • La puntuación promedio es 13 de 22

Estadísticas de respuestas

PistaRespuesta% Correcto
Capital de FinlandiaHelsinki
98%
La cordillera más alta del mundoHimalaya
92%
Ciudad japonesa golpeada por una bomba atómicaHiroshima
90%
País en el río DanubioHungría
86%
Capital de VietnamHanói
85%
Idioma de IsraelHebreo
79%
Idioma principal de la IndiaHindi
78%
Un estado de los Estados UnidosHawái
74%
Marca de cerveza neerlandesa más vendidaHeineken
74%
Universidad del área de Boston fundada en 1636Harvard
71%
Ubicación del control de la misión de la NASAHouston
69%
Ciudad con más rascacielosHong Kong
62%
Ciudad alemana en el río ElbaHamburgo
60%
Aeropuerto principal de LondresHeathrow
54%
Capital de ZimbabueHarare
51%
Capital de las Islas SalomónHoniara
42%
Uno de los grandes lagos de AméricaHuron
42%
El grupo étnico más grande de RuandaHutu
36%
La principal isla japonesaHonshu
32%
La isla más grande de ChinaHainan
22%
Peregrinación islámica a la MecaHayy
19%
Ciudad en India o PakistánHyderabad
16%

Distribución de puntuación

Porcentaje por número respondido

Porcentaje de gente con cada puntuación

Historial de tus puntuaciones

No has tomado esta prueba